[Event "Kandidatklassen"]
[Site "Svendborg"]
[Date "2018.03.29"]
[Round "3"]
[White "Kistrup, Nicolai"]
[Black "Hardlei, Johan"]
[Result "1-0"]
[WhiteElo "2004"]
[BlackElo "2188"]
[PlyCount "43"]
[EventDate "2018.03.27"]
[EventType "swiss"]
[EventRounds "7"]
[EventCountry "DEN"]

1. d4 Nf6 2. c4 c5 3. d5 e6 4. Nc3 exd5 5. cxd5 d6 6. e4 g6 7. Nf3 Bg7 8. h3
O-O 9. Bd3 b5 10. Bxb5 Nxe4 11. Nxe4 Qa5+ 12. Nfd2 Qxb5 13. Nxd6 Qa6 14. N2c4
Rd8 15. Bf4 Rxd6 16. Nxd6 Bxb2 17. Nxc8 Bxa1 18. Qxa1 Qxc8 19. Bh6 Qe8+ 20. Kf1
Qb5+ 21. Kg1 f6 22. Qxf6 1-0

[Event "Kandidatklassen"]
[Site "Svendborg"]
[Date "2018.04.01"]
[Round "6"]
[White "Schack, Asbjorn Hovgaard"]
[Black "Kistrup, Nicolai"]
[Result "1-0"]
[WhiteElo "2075"]
[BlackElo "2004"]
[PlyCount "65"]
[EventDate "2018.03.27"]
[EventType "swiss"]
[EventRounds "7"]
[EventCountry "DEN"]

1. d4 Nf6 2. c4 e6 3. Nc3 Bb4 4. e3 O-O 5. Nge2 c6 6. a3 Ba5 7. b4 Bc7 8. Bb2
d5 9. Ng3 Nbd7 10. Bd3 dxc4 11. Bxc4 e5 12. O-O exd4 13. Qxd4 Ne5 14. Be2 Qe7
15. Nce4 Rd8 16. Nxf6+ Qxf6 17. Qc3 Qh6 18. Rad1 Ng4 19. Rxd8+ Bxd8 20. h3 Nf6
21. Qe5 Be6 22. Bd3 Nd7 23. Qd6 Bf6 24. Bxf6 Qxf6 25. f4 Nb6 26. Ne4 Qb2 27.
Ng5 Bc4 28. Bxc4 Nxc4 29. Qd3 Nd2 30. Rd1 Re8 31. Rxd2 Qf6 32. Qxh7+ Kf8 33.
Rd7 1-0

[Event "Kandidatklassen"]
[Site "Svendborg"]
[Date "2018.04.01"]
[Round "6"]
[White "Skaarup, Kasper"]
[Black "Rossen, Claus"]
[Result "1-0"]
[WhiteElo "1903"]
[BlackElo "2200"]
[PlyCount "103"]
[EventDate "2018.03.27"]
[EventType "swiss"]
[EventRounds "7"]
[EventCountry "DEN"]

1. d4 g6 2. e4 Bg7 3. Nc3 d6 4. Be3 a6 5. a4 b6 6. Nf3 c5 7. Bc4 e6 8. O-O Ne7
9. Qd2 Nbc6 10. d5 Na5 11. Be2 e5 12. Bh6 O-O 13. Ra3 Bg4 14. Nd1 Bxf3 15. Rxf3
f5 16. Rh3 Rf7 17. Bxg7 Rxg7 18. Ne3 Qd7 19. exf5 gxf5 20. f4 e4 21. b3 Nb7 22.
Qc3 b5 23. Ra1 Ng6 24. Rf1 bxa4 25. bxa4 Rf8 26. Bxa6 Qxa4 27. Qc4 Qb4 28. Rh5
Qd2 29. Qe2 Qxe2 30. Bxe2 Ne7 31. h3 Rg3 32. Kf2 Rxe3 33. Kxe3 Nxd5+ 34. Kd2
Kg7 35. Rg5+ Kf6 36. g4 Ne7 37. Rh5 d5 38. Rxh7 Nd6 39. Rh6+ Ng6 40. g5+ Kg7
41. Bh5 Nc4+ 42. Kc3 Ne7 43. Ra1 Nc8 44. Raa6 N4b6 45. Rg6+ Kh7 46. Rgxb6 Nxb6
47. Rxb6 d4+ 48. Kd2 c4 49. Re6 c3+ 50. Kd1 Ra8 51. Re7+ Kg8 52. Re8+ 1-0

[Event "Kandidatklassen"]
[Site "Svendborg"]
[Date "2018.04.01"]
[Round "6"]
[White "Nilssen, Ellen Fredericia"]
[Black "Jaksland, Tim"]
[Result "0-1"]
[WhiteElo "2007"]
[BlackElo "2168"]
[PlyCount "128"]
[EventDate "2018.03.27"]
[EventType "swiss"]
[EventRounds "7"]
[EventCountry "DEN"]

1. d4 Nf6 2. Nf3 c5 3. c4 g6 4. Nc3 Bg7 5. d5 O-O 6. Bg5 h6 7. Bh4 d6 8. e4 b5
9. cxb5 Nbd7 10. Be2 a6 11. bxa6 Bxa6 12. O-O Qa5 13. Bxa6 Qxa6 14. Qc2 Rfb8
15. Rfc1 g5 16. Bg3 Nh5 17. Nd2 Nxg3 18. hxg3 Ne5 19. b3 Nd3 20. Rf1 Nb4 21.
Qc1 Qd3 22. Ndb1 Qc2 23. Rd1 Qxc1 24. Rxc1 Bd4 25. Kf1 Nd3 26. Rc2 Rxb3 27. f3
Nb4 28. Rc1 Rb2 29. Nd1 Rbxa2 30. Rxa2 Rxa2 31. Nbc3 Ra3 32. Nb5 Ra1 33. Rxa1
Bxa1 34. Ne3 h5 35. Ke2 Be5 36. Nf5 Kf8 37. Ke3 Nc2+ 38. Kd2 Nb4 39. Ke3 Na6
40. f4 Bf6 41. Na3 Nb4 42. Kd2 g4 43. Nc4 Bh8 44. Nb6 Ke8 45. Kd1 Nd3 46. Nc4
Nf2+ 47. Ke2 Nxe4 48. Kd3 Nf6 49. Nce3 Nd7 50. Kc4 Bb2 51. Kb5 Nf6 52. Kc6 Ne4
53. Nc2 Bc3 54. Kc7 Bf6 55. Kc6 Nc3 56. Na3 Ne2 57. Nb1 Nd4+ 58. Nxd4 Bxd4 59.
Nd2 Bf2 60. Ne4 Bd4 61. Kb5 f5 62. Nd2 Bf2 63. Nf1 Kd7 64. Ka5 e6 0-1

[Event "Kandidatklassen"]
[Site "Svendborg"]
[Date "2018.04.01"]
[Round "6"]
[White "Aabling Thomsen, Jakob"]
[Black "Rostgaard, Tobias Valentin"]
[Result "1-0"]
[WhiteElo "2360"]
[BlackElo "2335"]
[PlyCount "147"]
[EventDate "2018.03.27"]
[EventType "swiss"]
[EventRounds "7"]
[EventCountry "DEN"]

1. c4 e6 2. g3 Nf6 3. Bg2 d5 4. Nf3 Be7 5. O-O O-O 6. d3 c5 7. Nc3 Nc6 8. Bg5
d4 9. Na4 Qa5 10. a3 h6 11. b4 cxb4 12. axb4 Bxb4 13. Bxf6 gxf6 14. Qc2 Bd7 15.
Rfb1 Qc7 16. Qb2 e5 17. e3 dxe3 18. fxe3 a5 19. Nh4 Ne7 20. Nc3 Ra6 21. Rf1 Rb6
22. Rac1 Kg7 23. Qe2 Bxc3 24. Rxc3 Qc5 25. Be4 f5 26. Nxf5+ Bxf5 27. Bxf5 Nxf5
28. Rxf5 a4 29. d4 Qb4 30. Rc1 exd4 31. exd4 a3 32. Rcf1 Ra6 33. Qg4+ Rg6 34.
Qe2 Qd6 35. Qf2 Qe7 36. d5 Ra6 37. Qd4+ Kh7 38. Re5 Qd8 39. Qe4+ Kg8 40. Qg4+
Rg6 41. Qd4 b6 42. Ra1 Qd6 43. Re3 Qc5 44. Qxc5 bxc5 45. Raxa3 Rg4 46. Rec3 Rb8
47. Kf2 Rd4 48. Ra5 Rc8 49. Ke3 Re8+ 50. Kf3 Rc8 51. Ra6 Kg7 52. g4 Rc7 53. h3
Rc8 54. Kg3 Re4 55. Ra7 Kg6 56. Rf3 Rf8 57. Rf4 Re3+ 58. Kh4 f6 59. Rc7 Rb8 60.
Rc6 Rbb3 61. Rcxf6+ Kg7 62. Rf7+ Kg8 63. Rf8+ Kg7 64. R4f7+ Kg6 65. Rf6+ Kg7
66. R8f7+ Kg8 67. Kh5 Rxh3+ 68. Kg6 Rb8 69. Rc6 h5 70. Rg7+ Kh8 71. Rh7+ Kg8
72. Rxh5 Rg3 73. Kg5 Re8 74. Rg6+ 1-0

[Event "Kandidatklassen"]
[Site "Svendborg"]
[Date "2018.04.01"]
[Round "6"]
[White "Nielsen, Viktor Haarmark"]
[Black "Jacobsen, Mikkel Manosri"]
[Result "1-0"]
[WhiteElo "2285"]
[BlackElo "2162"]
[PlyCount "117"]
[EventDate "2018.03.27"]
[EventType "swiss"]
[EventRounds "7"]
[EventCountry "DEN"]

1. e4 c6 2. d4 d5 3. Nd2 dxe4 4. Nxe4 Bf5 5. Ng3 Bg6 6. h4 h6 7. Nf3 Nd7 8. h5
Bh7 9. Bd3 Bxd3 10. Qxd3 e6 11. Bd2 Ngf6 12. O-O-O Be7 13. Kb1 O-O 14. Ne4 Nxe4
15. Qxe4 Nf6 16. Qe2 Qd5 17. Be3 b5 18. Nd2 Rad8 19. g4 Nh7 20. Rhg1 Kh8 21. f4
Bd6 22. Nf3 Qe4 23. Nd2 Qd5 24. g5 f5 25. gxh6 gxh6 26. Rg6 Rg8 27. Qh2 Rd7 28.
Rdg1 Rdg7 29. Qg3 Bf8 30. Nf3 Rxg6 31. hxg6 Nf6 32. Ne5 Kg7 33. Qh4 Rh8 34. Nf7
Ng4 35. Nxh8 Kxh8 36. Bd2 Kg8 37. Qh1 Kg7 38. Qxd5 cxd5 39. Re1 h5 40. Rxe6 h4
41. Be1 h3 42. Bg3 h2 43. Re1 Kxg6 44. Rh1 Kh5 45. Bxh2 Kh4 46. Bg1+ Kg3 47.
Rh7 Kxf4 48. Rxa7 Ke4 49. Rf7 Bh6 50. b4 Bd2 51. a4 bxa4 52. b5 Ne3 53. Re7+
Kf3 54. Bxe3 Bxe3 55. Rxe3+ Kxe3 56. b6 f4 57. b7 f3 58. b8=Q f2 59. Qb5 1-0

[Event "Kandidatklassen"]
[Site "Svendborg"]
[Date "2018.04.01"]
[Round "6"]
[White "Laursen, Niels Norskov"]
[Black "Jorgensen, Brian Jorgen"]
[Result "1-0"]
[WhiteElo "2304"]
[BlackElo "2239"]
[PlyCount "111"]
[EventDate "2018.03.27"]
[EventType "swiss"]
[EventRounds "7"]
[EventCountry "DEN"]

1. e4 e6 2. d4 d5 3. Nc3 Nf6 4. e5 Nfd7 5. f4 c5 6. Nf3 Be7 7. Be3 b6 8. a4 Nc6
9. Bb5 Bb7 10. O-O O-O 11. Ne2 f5 12. Bxc6 Bxc6 13. Ng5 Bxg5 14. fxg5 Qe7 15.
c3 g6 16. h4 a5 17. Nf4 Rae8 18. Rf3 Qg7 19. Rh3 Kf7 20. Qd2 Rh8 21. h5 Qf8 22.
Qf2 Qe7 23. Qg3 Reg8 24. Qh4 cxd4 25. cxd4 Qb4 26. Qf2 Bxa4 27. g4 Nf8 28. gxf5
gxf5 29. Nxd5 Qb3 30. Nf6 Nd7 31. Rc1 Rc8 32. g6+ hxg6 33. Rxc8 Qd1+ 34. Kh2
Nxf6 35. exf6 Rxc8 36. hxg6+ Kxg6 37. Qg2+ Qg4 38. Rg3 Rh8+ 39. Kg1 Rh4 40. Kf2
Kxf6 41. Rxg4 Rxg4 42. Qh2 Bb3 43. Qh6+ Kf7 44. Bg5 Kg8 45. Qg6+ Kf8 46. Qf6+
Kg8 47. Qd8+ Kh7 48. Bf6 Rg8 49. Qe7+ Kg6 50. Ke3 Bd5 51. Kf4 a4 52. Be5 Kh6
53. Qf6+ Kh5 54. Qf7+ Rg6 55. Qe8 b5 56. Bg7 1-0

[Event "Kandidatklassen"]
[Site "Svendborg"]
[Date "2018.04.01"]
[Round "6"]
[White "Stentebjerg Hansen, Per"]
[Black "Haubro, Martin"]
[Result "0-1"]
[WhiteElo "2273"]
[BlackElo "2297"]
[PlyCount "62"]
[EventDate "2018.03.27"]
[EventType "swiss"]
[EventRounds "7"]
[EventCountry "DEN"]

1. d4 Nf6 2. Nf3 c5 3. c3 d5 4. g3 Nc6 5. Bg2 Bg4 6. O-O e6 7. Qb3 a6 8. Nbd2
cxd4 9. cxd4 Bd6 10. a3 O-O 11. h3 Bf5 12. Qe3 Qb6 13. b3 h6 14. Bb2 Bh7 15.
Rfc1 Rfe8 16. g4 Rad8 17. Rc3 Nd7 18. Rcc1 f6 19. Nf1 e5 20. dxe5 Bc5 21. Qd2
Bxf2+ 22. Kh1 Nc5 23. Rxc5 Bxc5 24. exf6 Qxb3 25. fxg7 Qc2 26. Qxc2 Bxc2 27.
Rc1 Rxe2 28. Ng3 Rf2 29. Nh5 d4 30. Ne1 Bg6 31. Rxc5 Rxb2 0-1

[Event "Kandidatklassen"]
[Site "Svendborg"]
[Date "2018.04.01"]
[Round "6"]
[White "Moe, Mogens"]
[Black "Le Besq, Alexander"]
[Result "0-1"]
[WhiteElo "2218"]
[BlackElo "2050"]
[PlyCount "74"]
[EventDate "2018.03.27"]
[EventType "swiss"]
[EventRounds "7"]
[EventCountry "DEN"]

1. e4 c5 2. Nf3 d6 3. d4 cxd4 4. Nxd4 Nf6 5. Nc3 g6 6. Be2 Bg7 7. O-O O-O 8.
Be3 a6 9. h3 b5 10. Bf3 e5 11. Nb3 Bb7 12. Qd3 Re8 13. Rfd1 Bf8 14. Bg5 Nbd7
15. Qe3 Qc7 16. a3 Re6 17. Bh6 Nb6 18. Na5 Nc4 19. Nxc4 Bxh6 20. Qb6 Qxc4 21.
Qxb7 Qc8 22. Qxc8+ Rxc8 23. Bg4 Nxg4 24. hxg4 Rc6 25. Rd5 Re8 26. Rad1 Bf8 27.
R1d3 Rec8 28. Kf1 Kg7 29. Ke2 Kf6 30. Rh3 h6 31. Rf3+ Ke6 32. Kd1 Rc4 33. Rh3
R8c6 34. Ke2 Rxe4+ 35. Nxe4 Kxd5 36. Kd3 Rc4 37. c3 Rxe4 0-1

[Event "Kandidatklassen"]
[Site "Svendborg"]
[Date "2018.04.01"]
[Round "6"]
[White "Hartung Nielsen, Jens"]
[Black "Madsen, Michael B"]
[Result "1-0"]
[WhiteElo "2204"]
[BlackElo "2057"]
[PlyCount "121"]
[EventDate "2018.03.27"]
[EventType "swiss"]
[EventRounds "7"]
[EventCountry "DEN"]

1. d4 Nf6 2. Nf3 b6 3. Bg5 Bb7 4. e3 e6 5. Bd3 h6 6. Bh4 d6 7. h3 Nbd7 8. Nc3
d5 9. Ne5 a6 10. f4 Be7 11. O-O Ne4 12. Bxe7 Qxe7 13. Bxe4 dxe4 14. Nxd7 Qxd7
15. Qg4 f5 16. Qg6+ Qf7 17. Qxf7+ Kxf7 18. g4 Kf6 19. Rf2 fxg4 20. hxg4 Ke7 21.
f5 Raf8 22. Raf1 Rf6 23. Rf4 g5 24. fxg6 Rxg6 25. Kf2 Rhg8 26. Rh1 Rxg4 27.
Rxg4 Rxg4 28. Rxh6 Bc6 29. Ne2 Be8 30. Nf4 Bf7 31. b3 Rg5 32. Rh4 Ra5 33. a4 b5
34. axb5 axb5 35. Ke1 b4 36. Ne2 e5 37. Kd2 Bg6 38. Rh8 Rd5 39. Rb8 exd4 40.
Nf4 dxe3+ 41. Kxe3 Rd6 42. Rxb4 Bf5 43. Rb5 Bg4 44. Kxe4 Bd1 45. Rc5 Kd7 46. b4
Kc8 47. Ke5 Rd2 48. c4 Be2 49. Nd5 Kb8 50. Nxc7 Rc2 51. Kd4 Rxc4+ 52. Rxc4 Bxc4
53. Kxc4 Kxc7 54. Kc5 Kb7 55. Kb5 Ka7 56. Kc6 Ka6 57. b5+ Ka7 58. Kc7 Ka8 59.
Kb6 Kb8 60. Ka6 Ka8 61. b6 1-0

[Event "Kandidatklassen"]
[Site "Svendborg"]
[Date "2018.04.01"]
[Round "6"]
[White "Miqueu, Jean-Philippe"]
[Black "Thybo, Thomas Sondergaard"]
[Result "0-1"]
[WhiteElo "2118"]
[BlackElo "2071"]
[PlyCount "138"]
[EventDate "2018.03.27"]
[EventType "swiss"]
[EventRounds "7"]
[EventCountry "DEN"]

1. e4 e5 2. Nf3 Nc6 3. Bb5 a6 4. Ba4 Nf6 5. O-O Be7 6. Re1 b5 7. Bb3 O-O 8. h3
Bb7 9. d3 d5 10. Nbd2 dxe4 11. dxe4 Na5 12. Qe2 Nxb3 13. axb3 Bd6 14. Nh2 Qe7
15. Nhf1 Nd7 16. Ng3 g6 17. Qg4 Kh8 18. Ndf1 Nc5 19. Bh6 Rg8 20. Ne3 Qe6 21.
Qh4 Be7 22. Qg4 f5 23. exf5 gxf5 24. Qxf5 Qxh6 25. Qxe5+ Qf6 26. Qxc7 Bd6 27.
Qb6 Raf8 28. Re2 Bxg3 29. Qxf6+ Rxf6 30. fxg3 Rxg3 31. Ng4 Re6 32. Rd2 h5 33.
Kh2 Rxg2+ 34. Rxg2 Bxg2 35. Kxg2 hxg4 36. hxg4 Re2+ 37. Kf1 Rxc2 38. b4 Nd3 39.
Rxa6 Rf2+ 40. Kg1 Rxb2 41. Rb6 Rxb4 42. Kg2 Rxg4+ 43. Kf3 Rb4 44. Ke3 Nc5 45.
Kd2 Na4 46. Rb7 Kg8 47. Kc2 Kf8 48. Ra7 Ke8 49. Rb7 Kd8 50. Ra7 Kc8 51. Rh7 Kb8
52. Rg7 Rc4+ 53. Kb3 Nc5+ 54. Ka3 Nb7 55. Rg5 Nd6 56. Rg7 Kc8 57. Rh7 Rc7 58.
Rh8+ Kb7 59. Rh6 Rc6 60. Kb4 Kb6 61. Rg6 Nb7 62. Rg5 Rc4+ 63. Ka3 Nc5 64. Rg6+
Ka5 65. Rg8 Rc3+ 66. Ka2 Kb4 67. Kb2 Na4+ 68. Ka2 Rc2+ 69. Ka1 Kb3 0-1

[Event "Kandidatklassen"]
[Site "Svendborg"]
[Date "2018.04.01"]
[Round "6"]
[White "Brorsen, Jacob Abildlund"]
[Black "Easwaralingam, Adesh"]
[Result "1/2-1/2"]
[WhiteElo "2184"]
[BlackElo "1991"]
[PlyCount "156"]
[EventDate "2018.03.27"]
[EventType "swiss"]
[EventRounds "7"]
[EventCountry "DEN"]

1. e4 c5 2. Nf3 e6 3. g3 Nc6 4. Bg2 Nf6 5. Nc3 Be7 6. d4 d5 7. exd5 Nxd5 8. O-O
Nxc3 9. bxc3 O-O 10. Re1 Qa5 11. Bd2 Bf6 12. a4 Rd8 13. Qe2 Qc7 14. Qc4 Na5 15.
Qd3 Nc6 16. Qc4 Na5 17. Qd3 Nc6 18. Ng5 Bxg5 19. Bxg5 f6 20. Bf4 Qd7 21. Rad1
cxd4 22. cxd4 Qxd4 23. Qb5 Qxd1 24. Rxd1 Rxd1+ 25. Bf1 e5 26. Qe2 Ra1 27. Kg2
Rxa4 28. Qb5 Rd4 29. Be3 Rd8 30. Bd3 Nd4 31. Bxd4 exd4 32. Qh5 f5 33. g4 Be6
34. gxf5 Bf7 35. Qg5 Rd6 36. Qe7 Rad8 37. Kg3 R8d7 38. Qe5 a6 39. f4 b5 40. Qc5
Rd8 41. Kf2 Rd5 42. Qc7 R5d7 43. Qa5 Rd6 44. Ke1 Bc4 45. Kd2 Bxd3 46. Kxd3 Rc8
47. Qe1 Rdc6 48. Qg1 Rd8 49. Qa1 Rc3+ 50. Kd2 Rd6 51. Qe1 Re3 52. Qh1 Re7 53.
Qa8+ Kf7 54. Qc8 Red7 55. Kd3 Rd8 56. Qb7+ R8d7 57. Qf3 Re7 58. Qh5+ Kg8 59.
Kd2 Rh6 60. Qg5 Rxh2+ 61. Kd3 Rh3+ 62. Kxd4 Rd7+ 63. Ke4 Rc3 64. f6 Rxc2 65.
fxg7 Rc4+ 66. Kf3 Rc3+ 67. Ke2 Rc2+ 68. Ke3 Rc3+ 69. Ke4 Rdc7 70. Qf6 R3c4+ 71.
Kf3 Rxg7 72. Qe6+ Rf7 73. f5 Rc1 74. Qe8+ Rf8 75. Qe6+ Rf7 76. Qe8+ Rf8 77.
Qe6+ Rf7 78. Qe8+ Rf8 1/2-1/2

[Event "Kandidatklassen"]
[Site "Svendborg"]
[Date "2018.04.01"]
[Round "6"]
[White "Quinones-Maletti, Julio Guillerm"]
[Black "Brondt, Nicolai Kvist"]
[Result "0-1"]
[WhiteElo "2158"]
[BlackElo "2180"]
[PlyCount "144"]
[EventDate "2018.03.27"]
[EventType "swiss"]
[EventRounds "7"]
[EventCountry "DEN"]

1. e4 c6 2. Nc3 d5 3. Nf3 h6 4. d4 dxe4 5. Nxe4 Bf5 6. Ng3 Bh7 7. Bd3 Bxd3 8.
Qxd3 e6 9. Bd2 Nd7 10. O-O Ngf6 11. c4 Be7 12. Bc3 O-O 13. Rad1 Re8 14. Rfe1
Bd6 15. Ne5 Qc7 16. Qf3 Rad8 17. Rd3 Be7 18. d5 cxd5 19. cxd5 Nxe5 20. Bxe5 Qa5
21. Bc3 Qa6 22. d6 Rxd6 23. Rxd6 Qxd6 24. Qxb7 Qb6 25. Qxb6 axb6 26. Bd4 Nd5
27. Rc1 Rd8 28. Kf1 Bg5 29. Re1 Nb4 30. Bxb6 Rd2 31. Ne4 Rxb2 32. Nxg5 hxg5 33.
Be3 Rxa2 34. Bxg5 Nd3 35. Rd1 Nxf2 36. Rd2 Rxd2 37. Bxd2 Ne4 38. Be3 Kh7 39.
Ke2 Kg6 40. Kf3 Nd6 41. Bc5 Ne8 42. g4 Kf6 43. Bd4+ e5 44. Bb2 Ke6 45. h4 Nf6
46. Ba3 Kd5 47. Bb2 Ne4 48. Bc1 f6 49. h5 Kd4 50. Ke2 Ng5 51. Ba3 Ne6 52. Be7
Ke4 53. h6 gxh6 54. Bxf6 Kf4 55. Kf2 e4 56. Bb2 Kxg4 57. Ke3 Kf5 58. Ba3 h5 59.
Bd6 Ng5 60. Bg3 Nf3 61. Kf2 Ne5 62. Ke3 Ng4+ 63. Ke2 Kg5 64. Kf1 h4 65. Be1 h3
66. Kg1 Kf4 67. Kh1 Kf3 68. Bh4 e3 69. Be1 Ke2 70. Bb4 Kf1 71. Bd2 Nf2+ 72. Kh2
exd2 0-1

[Event "Kandidatklassen"]
[Site "Svendborg"]
[Date "2018.04.01"]
[Round "6"]
[White "Hardlei, Johan"]
[Black "Petersen, Steen"]
[Result "0-1"]
[WhiteElo "2188"]
[BlackElo "2122"]
[PlyCount "66"]
[EventDate "2018.03.27"]
[EventType "swiss"]
[EventRounds "7"]
[EventCountry "DEN"]

1. d4 Nf6 2. Bg5 d5 3. e3 e6 4. Nd2 Be7 5. Bd3 O-O 6. f4 b6 7. Ngf3 Ba6 8. Bxa6
Nxa6 9. Bxf6 Bxf6 10. c3 c5 11. Qe2 Nc7 12. O-O Be7 13. Ne5 Qe8 14. a4 f6 15.
Nef3 Bd6 16. Kh1 Qh5 17. Rae1 Rae8 18. g3 e5 19. fxe5 fxe5 20. dxe5 Bxe5 21.
Nxe5 Rxf1+ 22. Nxf1 Qxe5 23. Nd2 d4 24. cxd4 cxd4 25. e4 Ne6 26. Nf3 Qc5 27.
Qd2 Rc8 28. Rd1 Qc6 29. Nxd4 Qxe4+ 30. Qg2 Qxg2+ 31. Kxg2 Rd8 32. Nxe6 Rxd1 33.
Nc7 Rd2+ 0-1